Postup a spôsob podania pri správe daní po novele

Zákon č. 563/2009 Z. z. o správe daní (daňový poriadok) a o zmene a doplnení niektorých zákonov v z. n. p. pojem podania špecificky nedefinuje. Podania ale úzko súvisia s právami a tiež povinnosťami daňových subjektov a správou daní. Cieľom článku je čo najvýstižnejšie čitateľov informovať o podania...

Ausführliche Beschreibung

Gespeichert in:
Bibliographische Detailangaben
1. Verfasser: Jurčíková, Božena
Format: Buchkapitel
Sprache:Slowakisch
Schlagworte:
Tags: Tag hinzufügen
Keine Tags, Fügen Sie das erste Tag hinzu!

MARC

LEADER 00000naa a2200000 4500
001 0297972
005 20240417075258.7
041 0 |a slo 
044 |a SK 
245 1 0 |a Postup a spôsob podania pri správe daní po novele  |c Božena Jurčíková 
520 |a Zákon č. 563/2009 Z. z. o správe daní (daňový poriadok) a o zmene a doplnení niektorých zákonov v z. n. p. pojem podania špecificky nedefinuje. Podania ale úzko súvisia s právami a tiež povinnosťami daňových subjektov a správou daní. Cieľom článku je čo najvýstižnejšie čitateľov informovať o podaniach a s tým súvisiacich situáciách. 
610 2 0 |a správa daňová 
610 2 0 |a poriadok daňový 
610 2 0 |a konanie daňové 
610 2 0 |a zákony 
610 2 0 |a legislatíva 
610 2 0 |a úpravy právne 
100 1 |a Jurčíková, Božena